[Event "45th Olympiad Budapest 2024"]
[Site "Budapest"]
[Date "2024.09.19"]
[Round "8"]
[Board "4"]
[White "Amdouni, Zoubaier"]
[Black "Fejzullahu, Afrim"]
[Result "1-0"]
[WhiteElo "2151"]
[BlackElo "2221"]
[PlyCount "57"]
[EventDate "2024.09.11"]
[EventType "team-tourn"]
[EventRounds "11"]
[EventCountry "HUN"]
[WhiteTeam "Tunisia"]
[BlackTeam "Kosovo *"]
[WhiteTeamCountry "TUN"]

1. e4 c5 2. Nc3 e6 3. f4 Nc6 4. Nf3 Qc7 5. g3 ({RR} 5. d3 a6 6. a4 b6 7. g3 Bb7 8. Bg2 d6 9. O-O Nf6 10. h3 Be7 11. Ne2 d5 12. e5 Nd7 13. c3 b5 14. d4 c4 15. g4 g6 16. f5 gxf5 17. gxf5 Na5 18. fxe6 fxe6 19. Nf4 Nf8 {1-0 Ivic,V (2581)-Jakubowski,K (2497) Titled Tuesday intern op 15st Dec blitz 2020 (5)}) ({RR} 5. Bb5 Qxf4 6. Bxc6 bxc6 7. O-O Be7 8. d3 Qg4 9. Qe1 Nf6 10. Be3 O-O 11. e5 Nd5 12. Bf2 Ba6 13. Ne4 Rab8 14. b3 Nf4 15. Bg3 Nh5 16. Bf2 Nf4 17. Bg3 Nh5 {½-½ Dorazil,T (1713)-Gatner,K (1452) Adolf Anderssen Mem 2024 (6.64)}) 5... d6 6. Bg2 g6 $146 ({RR} 6... Nf6 7. O-O Be7 8. d3 O-O 9. h3 Rb8 10. g4 b5 11. Ne2 b4 12. Ng3 Nd7 13. g5 a5 14. h4 Re8 15. Nh2 a4 16. a3 Nd4 17. h5 Bf8 18. Rf2 Ra8 19. Be3 bxa3 20. bxa3 e5 21. f5 {1-0 Nikontovic,S (2320)-Jensen,V (2270) DEN-chT 9899 1998 (5.7)}) ({RR} 6... Be7 7. O-O h6 8. d3 a6 9. a4 Bf6 10. Kh1 g5 11. e5 dxe5 12. fxg5 hxg5 13. Nxg5 Bxg5 14. Bxg5 e4 15. Bf4 e5 16. Bg5 f6 17. Bxf6 Nxf6 18. Rxf6 Qg7 19. Nxe4 Bg4 20. Qf1 O-O-O 21. Nd6+ {1-0 Woloszyn,P (1831)-Kowalewska,A (1647) Milanowek op 2009 (3)}) ({RR} 6... Be7 7. d4 cxd4 8. Nxd4 Nxd4 9. Qxd4 Nf6 10. Be3 Nd7 11. O-O-O O-O 12. Kb1 a6 13. g4 b5 14. g5 Rb8 15. h4 b4 16. Ne2 Nb6 17. b3 e5 18. Qd2 Rd8 19. h5 f6 20. g6 h6 21. Ng3 {1-0 Safranska,A (2305)-Kawaciukova,Z (2120) GER-ch op (Women) 1994}) 7. d4 cxd4 8. Nxd4 a6 9. Nxc6 bxc6 10. b3 Bg7 11. Bb2 Qa5 12. Qd2 Ne7 13. O-O-O d5 14. Kb1 f6 15. exd5 cxd5 16. Rhe1 Kf7 17. Ne4 Qxd2 18. Nd6+ Kg8 19. Rxd2 Bd7 20. c4 Rf8 21. cxd5 e5 22. Nc4 Bf5+ 23. Ka1 e4 24. Bxe4 Rd8 25. d6 Nc8 26. Bxf5 gxf5 27. d7 Na7 28. Re8+ Kf7 29. Nd6+ 1-0

[Event "45th Olympiad Budapest 2024"]
[Site "Budapest"]
[Date "2024.09.19"]
[Round "8"]
[Board "1"]
[White "Al-Ali, Hussein Ali Hussein"]
[Black "Duran Vega, Sergio"]
[Result "1/2-1/2"]
[WhiteElo "2122"]
[BlackElo "2308"]
[PlyCount "158"]
[EventDate "2024.09.11"]
[EventType "team-tourn"]
[EventRounds "11"]
[EventCountry "HUN"]
[WhiteTeam "Iraq"]
[BlackTeam "Costa Rica"]
[WhiteTeamCountry "IRQ"]
[BlackTeamCountry "CRI"]

1. e4 c5 2. Nf3 Nc6 3. Bb5 g6 4. O-O Bg7 5. Re1 Nf6 6. c3 O-O 7. h3 e5 8. d3 d6 9. Nbd2 a6 ({RR} 9... h6 10. Nf1 Be6 11. Ng3 Rc8 12. Ba4 Nd7 13. Bb3 Re8 14. Be3 a6 15. a3 b5 16. Bxe6 Rxe6 17. b4 Nb6 18. h4 Na4 19. Qb3 h5 20. Rac1 Qd7 21. Nf1 Ree8 22. Ng5 Rc7 23. Bd2 Nb6 24. Qa2 {½-½ Artemiev,V (2746)-Le,Q (2708) FIDE World Cup 2019 (3.6)}) ({RR} 9... Bd7 10. a3 a6 11. Bc4 b5 12. Ba2 a5 13. Nf1 a4 14. Ne3 Be6 15. Bd2 Bxa2 16. Rxa2 d5 17. Qc2 Rc8 18. Raa1 Nd4 19. cxd4 cxd4 20. Qd1 dxe3 21. Rxe3 Bh6 22. Re2 Bxd2 23. Rxd2 Qd6 24. Qe2 {1-0 Guerra Mendez,J (2484)-Yagupov,I (2232) Titled Tue 18th Jun Early 2024 (9)}) 10. Bxc6 bxc6 11. Nc4 Re8 $146 ({RR} 11... Qc7 12. Be3 a5 13. Qd2 Rb8 14. Bh6 Bxh6 15. Qxh6 Nh5 16. Rad1 f6 17. Rd2 Be6 18. Red1 a4 19. Kh2 Rb7 20. Rc2 Qe7 21. Qd2 Nf4 22. Na5 Rb6 23. b3 axb3 24. Rb2 Qd7 25. Ng1 Qa7 26. Nxb3 {½-½ Yildiz Kadioglu,B (2219)-Ragger,A (2270) Olympiad Women-38 2008 (8)}) ({RR} 11... a5 12. Qa4 Qc7 13. b4 cxb4 14. cxb4 Ba6 15. bxa5 Bxc4 16. Qxc4 Rxa5 17. a4 Rfa8 18. Bd2 R5a6 19. a5 Nd7 20. Ra2 Nc5 21. Rb1 h6 22. Rab2 Qc8 23. Ne1 Qe6 24. Rb8+ Kh7 25. Qxe6 Nxe6 26. Rxa8 {1-0 Kholmov,R (2427)-Salai,L (2418) Olomouc Mipap Cup 2001 (3)}) ({RR} 11... Be6 12. Qa4 Bxc4 13. Qxc4 Nd7 14. b4 Nb6 15. Qb3 cxb4 16. Be3 a5 17. cxb4 axb4 {½-½ Mullner,I (2220)-Kiss,P (2455) HUN-chT2 9495 1994}) 12. Qa4 Qc7 13. Qa5 Qxa5 14. Nxa5 Bd7 15. Nc4 Bf8 16. Bg5 Kg7 17. Nb6 Ra7 18. Nxd7 Nxd7 19. Rad1 Rb8 20. Bc1 a5 21. d4 cxd4 22. cxd4 a4 23. Re2 Ra6 24. dxe5 Nxe5 25. Nxe5 dxe5 26. Rc2 Rb4 27. f3 Rd4 28. Rxd4 exd4 29. Kf1 c5 30. Ke2 f5 31. Kd3 fxe4+ 32. fxe4 Rf6 33. Ke2 Re6 34. Kd3 Rf6 35. Ke2 Kf7 36. Rc4 Ra6 37. Kd3 Ke6 38. Rc2 Ke5 39. g3 Be7 40. Bf4+ Ke6 41. g4 Ra8 42. Bg3 Ra7 43. Rc4 Bf8 44. Rc2 Rb7 45. Rf2 Be7 46. Rc2 Bf8 47. Rf2 Bh6 48. Rc2 Be3 49. Rxc5 Rxb2 50. Rc6+ Kd7 51. Rc7+ Kd8 52. Rc2 Rb1 53. Ke2 Rh1 54. h4 Rg1 55. Be5 Rxg4 56. Kd3 Kd7 57. Rh2 Bg1 58. Rh1 Rg2 59. a3 Ke6 60. Bxd4 Rg3+ 61. Kc4 Bxd4 62. Kxd4 Rxa3 63. Rc1 Rh3 64. Rc6+ Kf7 65. Ke5 Rxh4 66. Rc7+ Kf8 67. Ra7 Rh1 68. Rxa4 Kg7 69. Ra7+ Kh6 70. Ke6 g5 71. e5 Kg6 72. Ra8 h5 73. Rg8+ Kh6 74. Kf5 Rf1+ 75. Ke4 Re1+ 76. Kf5 Rf1+ 77. Ke4 Re1+ 78. Kf5 Rf1+ 79. Ke4 Rf7 1/2-1/2

[Event "45th Olympiad Budapest 2024"]
[Site "Budapest"]
[Date "2024.09.19"]
[Round "8"]
[Board "2"]
[White "Valdes Romero, Leonardo"]
[Black "Mohammed, Zozek Salah Mohammed"]
[Result "1/2-1/2"]
[WhiteElo "2347"]
[BlackElo "2180"]
[PlyCount "108"]
[EventDate "2024.09.11"]
[EventType "team-tourn"]
[EventRounds "11"]
[EventCountry "HUN"]
[WhiteTeam "Costa Rica"]
[BlackTeam "Iraq"]
[WhiteTeamCountry "CRI"]
[BlackTeamCountry "IRQ"]

1. Nf3 d5 2. g3 Nf6 3. Bg2 c6 4. d4 Bf5 5. O-O Nbd7 6. c4 e6 7. Qb3 Qb6 8. c5 Qxb3 9. axb3 h6 10. b4 a6 11. Nc3 ({RR} 11. Nbd2 Be7 12. Nb3 g5 13. Na5 O-O-O 14. Bd2 Ne8 15. Rfe1 Nc7 16. Bc3 h5 17. Nd2 h4 18. f3 hxg3 19. hxg3 Bh3 20. Bxh3 Rxh3 21. Kg2 Rdh8 22. Rh1 Rxh1 23. Rxh1 Rxh1 24. Kxh1 Bf6 25. Kg2 e5 {½-½ Oparin,G (2652)-Durarbayli,V (2606) Titled Tuesday intern op 12th Jan blitz 2021 (4)}) 11... Rc8 12. Nd2 ({RR} 12. Bf4 Be7 13. Nd2 g5 14. Bd6 Bxd6 15. cxd6 Kd8 16. f3 Bg6 17. e4 dxe4 18. fxe4 e5 19. dxe5 Ng4 20. e6 fxe6 21. Bh3 Ne3 22. Rf3 Nc2 23. Rc1 Nd4 24. Rd3 e5 25. Nc4 Re8 26. Bxd7 Kxd7 {1-0 Yashmetov,M (2307)-Sjugirov,S (2695) Titled Tue 2nd Jan Early 2024 (1)}) 12... g5 13. f3 Bg7 $146 ({RR} 13... Bc2 14. e4 Bg7 15. e5 Ng8 16. f4 Ne7 17. Rf2 gxf4 18. gxf4 Nf5 19. Nf3 Bd3 20. Ra3 Bc4 21. Bh3 Rg8 22. Bxf5 exf5 23. Kh1 Ke7 24. Be3 h5 25. Ne1 Bh6 26. b3 Bb5 27. Raa2 Rg4 28. Rf3 {½-½ Oparin,G (2652)-Costachi,M (2471) Titled Tuesday intern op 15st Dec blitz 2020 (11)}) 14. e4 Bg6 15. Nb3 O-O 16. Re1 Rfd8 17. e5 Nh7 18. Na5 Rc7 19. Be3 Re8 20. Bf1 Nb8 21. h4 Rd7 22. Rad1 Bf8 23. hxg5 hxg5 24. Rd2 Bf5 25. Rh2 Kg7 26. f4 Be7 27. Be2 gxf4 28. gxf4 Nf8 29. Kf2 Ng6 30. Rg1 Rh8 31. Rxh8 Kxh8 32. Bg4 Bxg4 33. Rxg4 b6 34. Nb3 Rb7 35. Na2 a5 36. Rg1 axb4 37. cxb6 Rxb6 38. Nac1 Ra6 39. Nd3 Nh4 40. Bd2 Nf5 41. Ke2 Ra2 42. Rb1 Ra4 43. Rg1 Ra2 44. Rb1 Ra4 45. Rg1 Nd7 46. Rc1 Ra6 47. Kd1 Kg7 48. Kc2 Ra4 49. Kb1 Ra6 50. Kc2 Ra4 51. Kb1 Ra6 52. Kc2 Ra4 53. Kb1 Ra6 54. Kc2 Ra4 1/2-1/2

[Event "45th Olympiad Budapest 2024"]
[Site "Budapest"]
[Date "2024.09.19"]
[Round "8"]
[Board "3"]
[White "Salih, Akar Ali Salih"]
[Black "Jimenez Garcia, Emmanuel"]
[Result "1/2-1/2"]
[WhiteElo "2174"]
[BlackElo "2352"]
[PlyCount "114"]
[EventDate "2024.09.11"]
[EventType "team-tourn"]
[EventRounds "11"]
[EventCountry "HUN"]
[WhiteTeam "Iraq"]
[BlackTeam "Costa Rica"]
[WhiteTeamCountry "IRQ"]
[BlackTeamCountry "CRI"]

1. e4 e6 2. d4 d5 3. Nc3 Nf6 4. Bg5 Bb4 5. e5 h6 6. Be3 Ne4 7. Qg4 Kf8 8. Nge2 c5 9. dxc5 Nc6 ({RR} 9... Qa5 10. O-O-O Nxc3 11. Nxc3 Bxc3 12. bxc3 Nc6 13. Kd2 Nxe5 14. Qb4 Nc6 15. Qxa5 Nxa5 16. Rb1 f6 17. Rb5 Nc6 18. f4 Ke7 19. Bd3 Rd8 20. Re1 Kd7 21. c4 dxc4 22. Bxc4 Kc7+ 23. Kc3 Bd7 24. Rbb1 {½-½ Rodo (2668)-Klosterfrau (2627) PAL/CSS Freestyle fin 7th rapid 2007 (9)}) 10. O-O-O Nxc3 11. Nxc3 Qa5 $146 ({RR} 11... Bxc3 12. bxc3 Qa5 13. Kd2 Bd7 14. Rb1 Rd8 15. Bd4 h5 16. Qf4 Nxd4 17. Qxd4 Bc6 18. Bd3 Rd7 19. f4 Qd8 20. h4 g6 21. g3 Ke7 22. Rb2 Qc8 23. Rhb1 Rhd8 24. Rb4 Rc7 25. a4 a6 26. Rb6 {0-1 Wu,R-Allahverdiyeva,A (1657) Wch U10 Girls 2015 (7)}) ({RR} 11... Bxc3 12. bxc3 Qa5 13. Kd2 Nxe5 14. Qb4 Nc6 15. Qxa5 Nxa5 16. Rb1 Bd7 17. c4 Bc6 18. cxd5 exd5 19. Bb5 Ke7 20. Kc1 Rhe8 21. Bxc6 bxc6 22. Bd2 Nc4 23. Re1+ Kf8 24. Rxe8+ Rxe8 25. Kd1 f6 26. Bf4 {½-½ Tomczak,J (2633)-Prusikin,M (2510) Bundesliga 1819 2018 (11.7)}) 12. Bd2 d4 13. Nb1 Qxc5 14. f4 Bd7 15. a3 Bxd2+ 16. Nxd2 Rc8 17. Bd3 b5 18. Ne4 Qd5 19. Nd6 Rb8 20. Qh5 Nd8 21. Rhf1 b4 22. axb4 Rxb4 23. Qh4 Qa5 24. b3 Rb8 25. Qe1 Qc5 26. f5 Rxb3 27. Kd2 Qa5+ 28. Ke2 Qxe5+ 29. Kf2 Qxe1+ 30. Rfxe1 Rc3 31. fxe6 Nxe6 32. Ra1 Rc7 33. Ra5 Ke7 34. Nf5+ Kf6 35. Rd5 Rb8 36. Nxd4 Nxd4 37. Rxd4 Be6 38. Ra1 Rbb7 39. Rf4+ Ke5 40. Ra5+ Kd6 41. Rd4+ Ke7 42. Be4 Rd7 43. Bxb7 Rxd4 44. Bc6 Rd2+ 45. Ke3 Rxc2 46. Rxa7+ Kf6 47. Be4 Rb2 48. Ra5 g5 49. h3 h5 50. h4 Rb3+ 51. Kf2 g4 52. g3 Kg7 53. Rxh5 f5 54. Bg2 Rb2+ 55. Kg1 Kf6 56. Rh8 Kg7 57. Rd8 Rb1+ 1/2-1/2

[Event "45th Olympiad Budapest 2024"]
[Site "Budapest"]
[Date "2024.09.19"]
[Round "8"]
[Board "4"]
[White "Cabezas Solano, David Alejandro"]
[Black "Alothman, Ali Layth Ahmed"]
[Result "1-0"]
[WhiteElo "2248"]
[BlackElo "2161"]
[PlyCount "209"]
[EventDate "2024.09.11"]
[EventType "team-tourn"]
[EventRounds "11"]
[EventCountry "HUN"]
[WhiteTeam "Costa Rica"]
[BlackTeam "Iraq"]
[WhiteTeamCountry "CRI"]
[BlackTeamCountry "IRQ"]

1. d4 Nf6 2. c4 e6 3. Nf3 d5 4. g3 Bb4+ 5. Bd2 a5 6. Qc2 O-O 7. Bg2 c5 8. cxd5 cxd4 9. Nxd4 Qb6 10. e3 exd5 11. O-O Nc6 12. Nxc6 bxc6 13. Rc1 Bd7 ({RR} 13... Qb8 14. Bxb4 axb4 15. Nd2 Bd7 16. Nb3 h5 17. Nc5 Bc8 18. h4 Re8 19. a4 bxa3 20. bxa3 Re7 21. a4 Rea7 22. Qc3 Ra5 23. Nd3 Rxa4 24. Rxa4 Rxa4 25. Qxc6 Bd7 26. Qc5 Qb5 27. Qxb5 Bxb5 28. Nf4 {½-½ Wojtaszek,R (2691)-Carlsen,M (2847) FIDE World Cup 2021 (4.3)}) 14. Nc3 Rab8 15. Na4 Qa7 16. b3 $146 ({RR} 16. Bc3 Bxc3 17. Qxc3 Ne4 18. Bxe4 dxe4 19. Nc5 Rfe8 20. Nxd7 Qxd7 21. Qxc6 Qxc6 22. Rxc6 Rxb2 23. Ra6 Rb5 24. a4 Rf5 25. Rb1 g6 26. Rb5 Rxb5 27. axb5 Re5 28. Rxa5 Kg7 29. Ra4 Rxb5 30. Rxe4 h5 {½-½ Cramling,P (2447)-Batsiashvili,N (2484) ESP-chT CECLUB Honor 2021 (2.3)}) ({RR} 16. Bxb4 Rxb4 17. b3 h5 18. Nc5 Bc8 19. h3 Re8 20. Rd1 Bf5 21. Qxf5 Qxc5 22. Rac1 Qd6 23. Qc2 Re6 24. Qc3 Ne4 25. Qc2 f5 26. h4 Qe7 27. Qd3 a4 28. bxa4 Rxa4 29. Rc2 Kh7 30. Rdc1 Qb7 {1-0 Karmanova,O (2198)-Voit,D (2329) 74th ch-RUS HL w 2024 (8.1)}) ({RR} 16. Bc3 Bxc3 17. Qxc3 Rb4 18. b3 Ne4 19. Bxe4 dxe4 20. Nc5 Bh3 21. Qe5 Rb5 22. a4 Rb4 23. Ra2 f6 24. Qd6 Qf7 25. Rd2 h6 26. Rd4 Rxd4 27. Qxd4 Qh5 28. Qd1 Qf5 29. Nb7 Bg4 30. Qd6 Bf3 {½-½ Buckels,V (2429)-Naumann,A (2498) Bundesliga 2023-24 (9.5)}) 16... Ba3 17. Re1 Rfe8 18. Bc3 Ne4 19. Bd4 c5 20. Bxe4 dxe4 21. Nxc5 Qc7 22. Qd1 Bc8 23. Na4 Qc6 24. Bb2 Bxb2 25. Nxb2 Qg6 26. Nc4 Bg4 27. Qd6 Qh5 28. h4 Rb5 29. Rac1 h6 30. Qc6 Rc8 31. Qxe4 Bf3 32. Qf4 Rf5 33. Qd4 Rd5 34. Qf4 g5 35. Qf6 Qg4 36. Ne5 Rxe5 37. Rxc8+ Qxc8 38. Qxf3 gxh4 39. gxh4 Re6 40. Kh1 Qd8 41. Rg1+ Kf8 42. Rg4 Qd3 43. Kh2 Qc3 44. Qa8+ Ke7 45. Qa7+ Kf8 46. Rf4 Rf6 47. Qb8+ Kg7 48. Rg4+ Rg6 49. Rxg6+ fxg6 50. Qa7+ Kg8 51. Qd4 Qe1 52. Kg2 h5 53. a3 Kh7 54. b4 axb4 55. axb4 Qe2 56. Qf4 Qb5 57. Qf7+ Kh6 58. Qf8+ Kh7 59. Qe7+ Kg8 60. e4 Qe2 61. Qd8+ Kh7 62. Qc7+ Kg8 63. Qc8+ Kh7 64. Qe6 Kh6 65. Kg3 Qf1 66. Qf6 Qg1+ 67. Kf3 Qh1+ 68. Kf4 Qc1+ 69. Ke5 Qc3+ 70. Ke6 Qc6+ 71. Kf7 Qc4+ 72. Qe6 Qc7+ 73. Qe7 Qc4+ 74. Kf6 Qd4+ 75. Qe5 Qxf2+ 76. Ke6 Kh7 77. Qf6 Qb6+ 78. Kf7 Qc7+ 79. Qe7 Qc3 80. e5 Qf3+ 81. Ke8+ Kg8 82. Qe6+ Kg7 83. Qe7+ Kg8 84. b5 Qa8+ 85. Qd8 Qb7 86. Qd7 Qb8+ 87. Ke7 Qf8+ 88. Ke6 Qf5+ 89. Kd6 Qd3+ 90. Kc7 Qc3+ 91. Kb7 Qf3+ 92. Kb8 Qf2 93. e6 Qf4+ 94. Kb7 Qe4+ 95. Qc6 Qxh4 96. Qe8+ Kg7 97. Qd7+ Kh6 98. e7 Qe4+ 99. Ka7 Qe3+ 100. b6 Qa3+ 101. Kb8 Qg3+ 102. Kc8 Qc3+ 103. Kd8 Qh8+ 104. e8=Q Qf6+ 105. Kc7 1-0

[Event "45th Olympiad Budapest 2024"]
[Site "Budapest"]
[Date "2024.09.19"]
[Round "8"]
[Board "1"]
[White "Kozusek, Daniel"]
[Black "Birhanu, Tegegn Mehadem"]
[Result "1-0"]
[WhiteElo "2367"]
[BlackElo "2077"]
[PlyCount "49"]
[EventDate "2024.09.11"]
[EventType "team-tourn"]
[EventRounds "11"]
[EventCountry "HUN"]
[WhiteTeam "Wales"]
[BlackTeam "Ethiopia"]
[WhiteTeamCountry "WLS"]
[BlackTeamCountry "ETH"]

1. d4 Nf6 2. Bf4 g6 3. Nc3 Bg7 4. e4 d6 5. Qd2 c6 6. Bh6 O-O 7. O-O-O b5 8. f3 Qa5 9. h4 ({RR} 9. Kb1 Bxh6 10. Qxh6 Be6 11. e5 dxe5 12. dxe5 Nfd7 13. Nh3 Bxh3 14. Ne4 Rd8 15. Qxh3 Nxe5 16. Be2 Na6 17. Ng5 h5 18. g4 Rxd1+ 19. Bxd1 Rd8 20. a3 Qd2 21. Ne4 hxg4 22. Qh4 Qxd1+ 23. Rxd1 Rxd1+ {1-0 Motylev,A (2649)-Valdes Romero,L (2362) Wch Rapid Berlin 2015 (1)}) 9... Rd8 $146 ({RR} 9... b4 10. Nb1 Be6 11. Bxg7 Kxg7 12. a3 Na6 13. h5 Kg8 14. hxg6 fxg6 15. Nh3 Bxh3 16. Rxh3 Rab8 17. Bxa6 Qxa6 18. axb4 Qa4 19. c3 a5 20. bxa5 Qxa5 21. Na3 Rb3 22. c4 Qa6 23. e5 Rfb8 24. exf6 {½-½ Abaev,V (2080)-Gorbunov,O (2081) Suvorov-ch 2007 (4)}) ({RR} 9... Nbd7 10. h5 b4 11. Nb1 Qxa2 12. Bxg7 Kxg7 13. hxg6 fxg6 14. Qh6+ Kg8 15. b3 Rf7 16. e5 a5 17. exf6 Nxf6 18. Qd2 a4 19. Qxb4 a3 20. Kd2 Qb2 21. Qc3 Qa2 22. Bc4 d5 23. Bd3 Rb8 24. Ne2 {1-0 Centrih,A (2082)-Racnik,T (1849) 28th HIT Open 2024 (6.26)}) ({RR} 9... b4 10. Nb1 Nbd7 11. h5 Re8 12. Bxg7 Kxg7 13. hxg6 fxg6 14. Qh6+ Kg8 15. f4 Nf8 16. Nf3 e6 17. e5 Ng4 18. Qh4 Ne3 19. Ng5 Qc7 20. Ne4 Kh8 21. Nxd6 Bb7 22. Nxe8 Rxe8 23. Re1 Nf5 24. Qf2 {1-0 Chalupnik,M (2230)-Gidziela,P POL-chT U19 21th 1990}) ({RR} 9... b4 10. Nb1 Qxa2 11. h5 e5 12. dxe5 dxe5 13. hxg6 fxg6 14. Bxg7 Kxg7 15. Qh6+ Kg8 16. Nh3 Qf7 17. Ng5 Qg7 18. Bc4+ Kh8 19. Qh4 a5 20. Rd8 Ra7 21. Rd6 Qe7 22. Rd2 Na6 23. g4 Nc5 24. Qh6 {1-0 Tikhonov,V (1970)-Kurbanov,M Irkutsk Ermolaev Memorial 5th 2011 (6)}) 10. h5 b4 11. Nb1 Nxh5 12. Bxg7 Kxg7 13. g4 Nf6 14. Qh6+ Kg8 15. Ne2 Nbd7 16. g5 Nh5 17. Ng3 Nf8 18. Rxh5 gxh5 19. Nxh5 Ne6 20. d5 f6 21. Bh3 Kf7 22. dxe6+ Bxe6 23. Qxh7+ Kf8 24. Bxe6 Qxg5+ 25. f4 1-0

[Event "45th Olympiad Budapest 2024"]
[Site "Budapest"]
[Date "2024.09.19"]
[Round "8"]
[Board "2"]
[White "Tsige, Addisalem Temesgen"]
[Black "Toczek, Grzegorz"]
[Result "0-1"]
[WhiteElo "2068"]
[BlackElo "2301"]
[PlyCount "88"]
[EventDate "2024.09.11"]
[EventType "team-tourn"]
[EventRounds "11"]
[EventCountry "HUN"]
[WhiteTeam "Ethiopia"]
[BlackTeam "Wales"]
[WhiteTeamCountry "ETH"]
[BlackTeamCountry "WLS"]

1. d4 f5 2. Bf4 Nf6 3. e3 e6 4. c4 ({RR} 4. Be2 d6 5. c4 Be7 6. Bh5+ Nxh5 7. Qxh5+ g6 8. Qe2 Bf6 9. Nc3 O-O 10. h4 c6 11. Nf3 Qe7 12. Bg5 e5 13. O-O-O Na6 14. Bxf6 Qxf6 15. Qd2 e4 16. Ng5 h6 17. Nh3 Be6 {1-0 Morozevich,A (2787)-Amin,B (2560) Wch Blitz 3th 2008 (3)}) 4... d6 ({RR} 4... c5 5. Nc3 cxd4 6. exd4 Bb4 7. Bd3 O-O 8. Nge2 d5 9. O-O dxc4 10. Bxc4 a6 11. Qb3 Qe7 12. d5 b5 13. Bd3 Rd8 14. d6 Bxd6 15. Bxf5 Kh8 16. Bxd6 Rxd6 17. Be4 Nc6 18. Rad1 Rxd1 19. Rxd1 {1-0 Ning,Y (1836)-Wang,H (1447) Chinese Youth U16 2024 (5.11)}) 5. Nc3 $146 ({RR} 5. Nf3 Be7 6. h3 O-O 7. Nc3 Bd7 8. Qb3 b6 9. Bd3 c6 10. g4 c5 11. gxf5 exf5 12. O-O-O Bc6 13. d5 Bd7 14. Rdg1 Nh5 15. Bg5 Bxg5 16. Rxg5 g6 17. Rhg1 Kh8 18. Ne2 Be8 19. Nf4 Nxf4 {1-0 Peinado,G (2157)-Martinez,J (2142) Bucaramanga Santander-ch 2022 (7)}) 5... g6 6. h4 h6 7. Bd3 Bg7 8. Qf3 O-O 9. Nge2 e5 10. dxe5 dxe5 11. Bxe5 Qxd3 12. Nf4 Qxc4 13. Nxg6 Re8 14. h5 Nc6 15. Rh4 Nxe5 16. Rxc4 Nxf3+ 17. gxf3 c6 18. O-O-O Be6 19. Rh4 Nd5 20. Ne2 Rad8 21. Rg1 Kf7 22. a3 Bf6 23. Rh2 Ne7 24. Rhg2 Nxg6 25. hxg6+ Kg8 26. g7 Rd7 27. Rg6 Rxg7 28. Nf4 Rxg6 29. Rxg6+ Kf7 30. Rxh6 Rh8 31. Rg6 Rh2 32. Rg2 Rh1+ 33. Kc2 Ba2 34. Ne2 Bd5 35. Ng1 a5 36. b4 axb4 37. axb4 Rh4 38. b5 Rc4+ 39. Kd3 cxb5 40. Rh2 Ra4 41. e4 Ra3+ 42. Kd2 fxe4 43. Rh5 Rd3+ 44. Kc2 Bb3+ 0-1

[Event "45th Olympiad Budapest 2024"]
[Site "Budapest"]
[Date "2024.09.19"]
[Round "8"]
[Board "3"]
[White "Blackburn, Jonathan L B"]
[Black "Kebede, Yoseph Kifle"]
[Result "1-0"]
[WhiteElo "2202"]
[BlackElo "2037"]
[PlyCount "105"]
[EventDate "2024.09.11"]
[EventType "team-tourn"]
[EventRounds "11"]
[EventCountry "HUN"]
[WhiteTeam "Wales"]
[BlackTeam "Ethiopia"]
[WhiteTeamCountry "WLS"]
[BlackTeamCountry "ETH"]

1. d4 d5 2. c4 e6 3. Nc3 a6 4. cxd5 exd5 5. Qb3 Nc6 6. Nf3 Nf6 ({RR} 6... Bb4 7. Bf4 Nge7 8. e3 O-O 9. Be2 Bd6 10. Bg3 Be6 11. O-O Bxg3 12. hxg3 Qd6 13. Rac1 Nd8 14. Na4 c6 15. Nc5 Bc8 16. Qb6 Nf5 17. b4 Qe7 18. a4 Nd6 19. b5 axb5 20. axb5 Bg4 21. Rc2 {0-1 Papasimakopoulos,A (2402)-Svane,R (2637) Titled Tue 23rd Jan Late 2024 (9)}) 7. Bg5 Bb4 8. e3 h6 $146 ({RR} 8... Be6 9. a3 Bxc3+ 10. Qxc3 h6 11. Bxf6 Qxf6 12. Bd3 O-O 13. O-O Rfc8 14. Rfc1 Bg4 15. Nd2 Ne7 16. b4 Bf5 17. a4 Bxd3 18. Qxd3 Nf5 19. Rc2 c6 20. Rac1 Nd6 21. f3 Re8 22. e4 Qg6 23. Re1 {0-1 Crevatin,L (2224)-Korley,K (2443) Helsingor Xtracon op 2018 (5)}) ({RR} 8... Be6 9. Be2 h6 10. Bh4 g5 11. Bg3 Ne4 12. Ne5 Nxg3 13. Nxc6 bxc6 14. hxg3 Rb8 15. Bxa6 c5 16. Be2 cxd4 17. exd4 c5 18. O-O O-O 19. Nb5 Qe7 20. dxc5 Bxc5 21. a4 Rfc8 22. Qf3 Qd7 23. Rfd1 {½-½ Cabrera Pando,R (2196)-Slipak,S (2420) American Continental 14th 2018 (10)}) 9. Bxf6 Qxf6 10. Qxd5 Be6 11. Qe4 O-O-O 12. Qc2 g5 13. Be2 g4 14. Nd2 Bf5 15. Nde4 Qg6 16. f3 Rhe8 17. Bd3 Kb8 18. O-O-O h5 19. Rhe1 Qh6 20. f4 Bxc3 21. bxc3 h4 22. Nc5 Bxd3 23. Qxd3 Qd6 24. Qb1 Na5 25. Qb4 Qb6 26. Kc2 Qxb4 27. cxb4 Nc4 28. e4 b6 29. Nb3 f5 30. e5 Rd5 31. a4 Re6 32. Rc1 Kc8 33. Kb1 Rc6 34. Ka2 Kd7 35. Re2 b5 36. Nc5+ Ke7 37. axb5 axb5 38. Rd1 Rg6 39. Kb3 g3 40. h3 Rg8 41. Ra2 Rgd8 42. Kc3 Ne3 43. Rd3 Rxc5+ 44. dxc5 Rxd3+ 45. Kxd3 Nd5 46. Rd2 Ke6 47. Ke2 Nxf4+ 48. Kf3 Nd5 49. Rxd5 Kxd5 50. Kf4 Ke6 51. c6 Ke7 52. Kxf5 Kf7 53. Kg5 1-0

[Event "45th Olympiad Budapest 2024"]
[Site "Budapest"]
[Date "2024.09.19"]
[Round "8"]
[Board "4"]
[White "Shiferaw, Yalemzewde Mekonnen"]
[Black "Bullen, Alex"]
[Result "0-1"]
[WhiteElo "2025"]
[BlackElo "2155"]
[PlyCount "120"]
[EventDate "2024.09.11"]
[EventType "team-tourn"]
[EventRounds "11"]
[EventCountry "HUN"]
[WhiteTeam "Ethiopia"]
[BlackTeam "Wales"]
[WhiteTeamCountry "ETH"]
[BlackTeamCountry "WLS"]

1. d4 d5 2. c4 e6 3. Nf3 Nf6 4. g3 Be7 5. Bg2 O-O 6. O-O c6 7. Nc3 a5 8. Ne5 ({RR} 8. b3 Nbd7 9. Bf4 b6 10. cxd5 Nxd5 11. Bd2 Ba6 12. Re1 Rc8 13. e4 Nb4 14. a3 Nd3 15. Re3 c5 16. d5 c4 17. Nd4 N7e5 18. b4 axb4 19. axb4 Nxb4 20. Nce2 Bb7 21. dxe6 Nbd3 22. Ra7 Rc7 {0-1 Dubov,D (2716)-Maghsoodloo,P (2716) AimChess Rapid Play-In 2023 (3.7)}) 8... Nfd7 9. Qd3 $146 ({RR} 9. Be3 b6 10. Rc1 Bb7 11. cxd5 cxd5 12. Qb3 Nxe5 13. dxe5 Nd7 14. Bd4 Ba6 15. Rfd1 Nc5 16. Qc2 Rc8 17. Qb1 f5 18. exf6 Bxf6 19. e3 Qe7 20. Rd2 Kh8 21. Qc2 Qf7 22. Qd1 Bxd4 23. exd4 Nd3 {½-½ Kollars,D (2656)-Ghosh,D (2568) CrunchLabs Masters PlayIn 2024 (3)}) ({RR} 9. Nxd7 Nxd7 10. Qd3 b6 11. cxd5 Ba6 12. Qc2 cxd5 13. Bf4 Rc8 14. Rfc1 b5 15. Qd1 Nb6 {½-½ Draskovic,L (2472)-Stankovic,M (2421) MNT-chT 1st League 2021 (1.1)}) ({RR} 9. Nxd7 Nxd7 10. cxd5 exd5 11. e4 dxe4 12. Nxe4 Nb6 13. Nc3 Be6 14. Bf4 Nd5 15. Bd2 Re8 16. Re1 Qd7 17. Ne4 b6 18. Bg5 Bb4 19. Bd2 Bf8 20. a3 g6 21. Rc1 Bg7 22. Be3 h6 23. Qd2 Kh7 {0-1 Kanter,E (2344)-Banusz,T (2617) Titled Tue 5th Mar Late 2024 (5)}) 9... Nxe5 10. dxe5 Nd7 11. f4 b6 12. cxd5 cxd5 13. Rd1 Ba6 14. Qf3 b5 15. e4 b4 16. Ne2 Qb6+ 17. Be3 Bc5 18. Bxc5 Qxc5+ 19. Kh1 Qc4 20. Rd2 Nb6 21. Qe3 Qc7 22. b3 Rac8 23. exd5 Nxd5 24. Bxd5 exd5 25. Nd4 Qc3 26. Re1 Qxe3 27. Rxe3 Rc1+ 28. Kg2 Rfc8 29. f5 Bf1+ 30. Kf2 Bh3 31. Re1 Rxe1 32. Kxe1 Re8 33. Re2 g6 34. f6 Bg4 35. Re3 Rc8 36. Kd2 h6 37. Re1 g5 38. Rc1 Re8 39. Nc6 Ra8 40. Rc5 Bd7 41. Ne7+ Kh7 42. Nxd5 Bf5 43. Ne7 Be6 44. h4 gxh4 45. gxh4 a4 46. Rb5 axb3 47. axb3 Bxb3 48. Rxb4 Be6 49. Ke3 Ra3+ 50. Kd4 Rh3 51. Kc5 Rc3+ 52. Kd6 Rd3+ 53. Kc7 Re3 54. Nc6 Kg6 55. Rd4 h5 56. Kd6 Rb3 57. Rd2 Rb7 58. Rg2+ Bg4 59. Ne7+ Kh6 60. Kc6 Bf3+ 0-1